[Event "Korcsoportos Bajnokság u16f"]
[Site "Balatonlelle"]
[Date "2015.06.20"]
[Round "3.1"]
[White "Gorcsi, Gabor"]
[Black "Marta, Dominik"]
[Result "1-0"]
[WhiteElo "2081"]
[BlackElo "2145"]
[PlyCount "123"]
[EventDate "2015.06.18"]
[EventType "swiss"]
[EventRounds "7"]
[EventCountry "HUN"]
[WhiteClock "0:05:19"]
[BlackClock "0:01:28"]

1. d4 Nf6 2. c4 g6 3. g3 Bg7 4. Bg2 O-O 5. Nc3 d6 6. e4 Nc6 7. Nge2 a6 8. O-O
Rb8 9. f4 e5 10. fxe5 dxe5 11. d5 Ne7 12. Bg5 Ne8 13. b4 h6 14. Be3 f5 15. Qb3
Kh8 16. Rad1 g5 17. exf5 Nxf5 18. Ne4 b6 19. Qd3 Bd7 20. N2c3 Nf6 21. Nxf6 Rxf6
22. Ne4 Rf8 23. a3 Qe7 24. Bf2 Nd4 25. Rde1 Rbe8 26. Nd2 Qd6 27. Nb3 Bf5 28.
Qc3 Nxb3 29. Qxb3 Qg6 30. Be3 Be4 31. Rxf8+ Rxf8 32. Bxe4 Qxe4 33. Bf2 Qf5 34.
Qe3 Qf7 35. Rd1 Qh5 36. Rd3 Qg6 37. Rd2 g4 38. Qe2 e4 39. c5 bxc5 40. bxc5 Bc3
41. Rc2 Bg7 42. Rd2 Be5 43. Qc4 Qf5 44. Bd4 Kh7 45. Rf2 Bxd4 46. Qxd4 Qc8 47.
Qxe4+ Kh8 48. Qe5+ Kg8 49. Rf6 Rxf6 50. Qxf6 Qe8 51. Kf2 Kh7 52. d6 cxd6 53.
cxd6 Qc6 54. Qf7+ Kh8 55. d7 Qc5+ 56. Ke2 Qb5+ 57. Ke3 Qe5+ 58. Kd3 Qb5+ 59.
Ke4 Qc6+ 60. Kf5 Qf3+ 61. Kg6 Qe4+ 62. Qf5 1-0

[Event "Korcsoportos Bajnokság u16f"]
[Site "Balatonlelle"]
[Date "2015.06.20"]
[Round "3.2"]
[White "Polyik, Peter"]
[Black "Ugroczky, Peter"]
[Result "1/2-1/2"]
[WhiteElo "2143"]
[BlackElo "2108"]
[PlyCount "54"]
[EventDate "2015.06.18"]
[EventType "swiss"]
[EventRounds "7"]
[EventCountry "HUN"]
[WhiteClock "0:28:18"]
[BlackClock "0:30:24"]

1. d4 d5 2. c4 e6 3. Nc3 Nf6 4. Nf3 c6 5. Bg5 Nbd7 6. cxd5 exd5 7. e3 Bd6 8.
Bd3 O-O 9. Qc2 h6 10. Bh4 Re8 11. O-O Nf8 12. Rae1 Bg4 13. Nd2 Be7 14. f4 Bd7
15. Nf3 Ne4 16. Bxe7 Qxe7 17. Bxe4 dxe4 18. Nd2 f5 19. Rb1 Be6 20. b4 Nd7 21.
Rfc1 Rac8 22. Na4 b6 23. a3 Nf6 24. Qd1 Nd5 25. Qe2 Kh7 26. Nc3 Red8 27. Nxd5
cxd5 1/2-1/2

[Event "Korcsoportos Bajnokság u16f"]
[Site "Balatonlelle"]
[Date "2015.06.20"]
[Round "3.3"]
[White "Buzas, Bertalan"]
[Black "Simon, Lili"]
[Result "1/2-1/2"]
[WhiteElo "2038"]
[BlackElo "2012"]
[PlyCount "48"]
[EventDate "2015.06.18"]
[EventType "swiss"]
[EventRounds "7"]
[EventCountry "HUN"]
[WhiteClock "0:35:28"]
[BlackClock "0:19:16"]

1. e4 e5 2. Nf3 Nc6 3. Bc4 Bc5 4. c3 Nf6 5. d3 a6 6. Bb3 Ba7 7. Nbd2 O-O 8. h3
d5 9. O-O dxe4 10. dxe4 Qe7 11. Qc2 Be6 12. Re1 Rad8 13. Nf1 Nh5 14. Be3 Bxe3
15. Nxe3 Nf4 16. h4 Qf6 17. Bxe6 fxe6 18. Rad1 Nxg2 19. Rxd8 Nxd8 20. Nxg2 Qxf3
21. Re3 Qf6 22. Rg3 Nf7 23. Qe2 Nd6 24. h5 Qh6 1/2-1/2

[Event "Korcsoportos Bajnokság u16f"]
[Site "Balatonlelle"]
[Date "2015.06.20"]
[Round "3.4"]
[White "Peczely, Sebastian Zsombor"]
[Black "Marosi, Levente"]
[Result "1/2-1/2"]
[WhiteElo "2260"]
[BlackElo "2205"]
[PlyCount "41"]
[EventDate "2015.06.18"]
[EventType "swiss"]
[EventRounds "7"]
[EventCountry "HUN"]
[WhiteClock "0:16:31"]
[BlackClock "0:50:52"]

1. e4 c5 2. Nf3 d6 3. d4 cxd4 4. Nxd4 Nf6 5. Nc3 a6 6. Bg5 e6 7. f4 Be7 8. Qf3
h6 9. Bh4 g5 10. fxg5 Nfd7 11. Nxe6 fxe6 12. Qh5+ Kf8 13. Bb5 Rh7 14. O-O+ Kg8
15. g6 Rg7 16. Rf7 Bxh4 17. Qxh6 Rxf7 18. gxf7+ Kxf7 19. Qh7+ Kf8 20. Rf1+ Bf6
21. Qh8+ 1/2-1/2

[Event "Korcsoportos Bajnokság u16f"]
[Site "Balatonlelle"]
[Date "2015.06.20"]
[Round "3.5"]
[White "Papp, Tamas"]
[Black "Horvath, Kristof"]
[Result "1-0"]
[WhiteElo "2247"]
[BlackElo "1875"]
[PlyCount "51"]
[EventDate "2015.06.18"]
[EventType "swiss"]
[EventRounds "7"]
[EventCountry "HUN"]
[WhiteClock "0:21:24"]
[BlackClock "0:11:52"]

1. d4 d5 2. c4 e6 3. Nf3 Nf6 4. g3 b6 5. Bg2 Bb7 6. O-O Be7 7. Ne5 O-O 8. Nc3
Nbd7 9. Bf4 Re8 10. Rc1 c6 11. e4 Nf8 12. Be3 Rc8 13. f4 Bb4 14. exd5 cxd5 15.
Qa4 Qe7 16. Nb5 a5 17. Na7 Ra8 18. Nac6 Bxc6 19. Qxc6 Qd8 20. c5 bxc5 21. dxc5
a4 22. Qb7 Rb8 23. Qxf7+ Kh8 24. Nc6 Qc8 25. Nxb8 Qxb8 26. c6 1-0

[Event "Korcsoportos Bajnokság u16f"]
[Site "Balatonlelle"]
[Date "2015.06.20"]
[Round "3.6"]
[White "Czupor, Attila"]
[Black "Haselbach, David"]
[Result "1/2-1/2"]
[WhiteElo "2173"]
[BlackElo "1955"]
[PlyCount "58"]
[EventDate "2015.06.18"]
[EventType "swiss"]
[EventRounds "7"]
[EventCountry "HUN"]
[WhiteClock "0:35:42"]
[BlackClock "0:14:03"]

1. e4 c5 2. Nf3 d6 3. d4 cxd4 4. Nxd4 Nf6 5. Nc3 g6 6. Be3 Bg7 7. f3 O-O 8. Qd2
Nc6 9. O-O-O d5 10. Kb1 Nxd4 11. e5 Nf5 12. exf6 exf6 13. Bc5 d4 14. Bxf8 Qxf8
15. Ne4 Ne3 16. Re1 f5 17. Nf2 Be6 18. Rxe3 dxe3 19. Qxe3 Qb4 20. Nd3 Qa4 21.
Nc1 Rc8 22. Bd3 Re8 23. Qd2 Qd4 24. c3 Qb6 25. Re1 Rc8 26. Ka1 Qa5 27. Kb1 Qb6
28. Ka1 Qa5 29. Kb1 Qb6 1/2-1/2

[Event "Korcsoportos Bajnokság u16f"]
[Site "Balatonlelle"]
[Date "2015.06.20"]
[Round "3.7"]
[White "Koltai, Daniel"]
[Black "Szilassi, Abel"]
[Result "1/2-1/2"]
[WhiteElo "1680"]
[BlackElo "2064"]
[PlyCount "105"]
[EventDate "2015.06.18"]
[EventType "swiss"]
[EventRounds "7"]
[EventCountry "HUN"]
[WhiteClock "0:31:49"]
[BlackClock "0:32:12"]

1. e4 e6 2. d4 d5 3. e5 c5 4. c3 Qb6 5. Nf3 Nc6 6. Na3 cxd4 7. cxd4 Bb4+ 8. Bd2
Bxa3 9. bxa3 Nxd4 10. Qa4+ Nc6 11. Bd3 Bd7 12. Qg4 Kf8 13. Qf4 Nh6 14. O-O a5
15. Rab1 Qc7 16. Rfc1 Nf5 17. g4 Nh6 18. Be3 Kg8 19. Qg3 f6 20. Bxh6 gxh6 21.
Bb5 Be8 22. Bxc6 bxc6 23. exf6 Qxg3+ 24. hxg3 Kf7 25. Ne5+ Kxf6 26. Nxc6 Bxc6
27. Rxc6 Rhc8 28. Rcb6 Rc4 29. Re1 Re8 30. Rb5 Rxg4 31. Rxd5 Ra4 32. Rh5 Rxa3
33. Rxh6+ Kf5 34. Re2 Re7 35. Kg2 Kg5 36. Rhxe6 Rxe6 37. Rxe6 Rxa2 38. Ra6 a4
39. Ra7 h5 40. Ra5+ Kg4 41. Ra8 a3 42. Ra4+ Kg5 43. Kf3 Ra1 44. Ra5+ Kg6 45.
Kf4 a2 46. Ra6+ Kf7 47. Kf5 Ke7 48. f4 Rg1 49. Rxa2 Rxg3 50. Rh2 Ra3 51. Rxh5
Ra5+ 52. Kg6 Rxh5 53. Kxh5 1/2-1/2

[Event "Korcsoportos Bajnokság u16f"]
[Site "Balatonlelle"]
[Date "2015.06.20"]
[Round "3.9"]
[White "Szukics, Adam"]
[Black "Szuhanszki, Gergely"]
[Result "1/2-1/2"]
[WhiteElo "1985"]
[BlackElo "1653"]
[PlyCount "56"]
[EventDate "2015.06.18"]
[EventType "swiss"]
[EventRounds "7"]
[EventCountry "HUN"]
[WhiteClock "0:10:24"]
[BlackClock "0:42:39"]

1. e4 d6 2. d4 Nf6 3. Nc3 g6 4. Nf3 Bg7 5. Be2 Nc6 6. d5 Nb8 7. O-O c6 8. Re1
O-O 9. h3 Qc7 10. Be3 Nbd7 11. Bf1 a6 12. a4 Nc5 13. a5 b6 14. axb6 Qxb6 15.
Na4 Qb4 16. c3 Qb7 17. Bxc5 dxc5 18. Nxc5 Qxb2 19. Na4 Qb7 20. Rb1 Qc7 21. c4
Rd8 22. e5 Ne8 23. Qb3 Bf5 24. Bd3 Rab8 25. Qc2 Bxd3 26. Qxd3 cxd5 27. cxd5
Rxb1 28. Qxb1 Rxd5 1/2-1/2

[Event "Korcsoportos Bajnokság u16f"]
[Site "Balatonlelle"]
[Date "2015.06.20"]
[Round "3.10"]
[White "Fodor, Balazs"]
[Black "Posztos, Marcell"]
[Result "1-0"]
[WhiteElo "1918"]
[BlackElo "1516"]
[PlyCount "89"]
[EventDate "2015.06.18"]
[EventType "swiss"]
[EventRounds "7"]
[EventCountry "HUN"]
[WhiteClock "0:38:39"]
[BlackClock "0:33:58"]

1. d4 e6 2. c4 Nf6 3. Nc3 Bb4 4. Bg5 h6 5. Bh4 O-O 6. Qc2 d6 7. Nf3 Nbd7 8. e3
b6 9. Bd3 Bb7 10. a3 Bxc3+ 11. Qxc3 c5 12. Bc2 Qc7 13. Bg3 Qc6 14. Qd3 d5 15.
cxd5 Qxd5 16. Ne5 cxd4 17. exd4 Nxe5 18. Bxe5 Qe4+ 19. Qxe4 Bxe4 20. Bxe4 Nxe4
21. f3 Ng5 22. Ke2 Rac8 23. Rac1 Rfd8 24. Ke3 Nh7 25. Rc3 Rxc3+ 26. bxc3 Rd5
27. c4 Ra5 28. Bd6 Nf6 29. Kd3 g6 30. Bb4 Rg5 31. g4 b5 32. c5 Rd5 33. c6 Ne8
34. Rc1 e5 35. c7 Rxd4+ 36. Ke3 Nxc7 37. Rxc7 Rd1 38. h4 Rh1 39. Rxa7 Rxh4 40.
Be7 Rh1 41. Bf6 g5 42. Bxe5 Re1+ 43. Kd4 Rf1 44. Ke4 Re1+ 45. Kf5 1-0

[Event "Korcsoportos Bajnokság u16f"]
[Site "Balatonlelle"]
[Date "2015.06.20"]
[Round "3.11"]
[White "Mengyan, Marton"]
[Black "Radacsi, Marton"]
[Result "1-0"]
[WhiteElo "1788"]
[BlackElo "1585"]
[PlyCount "43"]
[EventDate "2015.06.18"]
[EventType "swiss"]
[EventRounds "7"]
[EventCountry "HUN"]
[WhiteClock "1:26:31"]
[BlackClock "1:03:10"]

1. e4 e6 2. d4 d5 3. Nc3 Nf6 4. e5 Nfd7 5. f4 c5 6. Nf3 Nc6 7. Be3 Qb6 8. a3
cxd4 9. Nxd4 Bc5 10. Na4 Qa5+ 11. c3 Bxd4 12. Bxd4 Nxd4 13. Qxd4 O-O 14. Bd3 f6
15. O-O fxe5 16. fxe5 Rxf1+ 17. Rxf1 b6 18. Qf4 g6 19. Qf7+ Kh8 20. Bxg6 hxg6
21. Rf3 Nf6 22. exf6 1-0

[Event "Korcsoportos Bajnokság u16f"]
[Site "Balatonlelle"]
[Date "2015.06.20"]
[Round "3.12"]
[White "Toth, Viktor"]
[Black "Molnar, Tamas"]
[Result "1-0"]
[WhiteElo "1457"]
[BlackElo "1433"]
[PlyCount "133"]
[EventDate "2015.06.18"]
[EventType "swiss"]
[EventRounds "7"]
[EventCountry "HUN"]
[WhiteClock "0:33:19"]
[BlackClock "0:37:45"]

1. e4 c5 2. Nf3 Nc6 3. d4 cxd4 4. Nxd4 Nf6 5. Nc3 d6 6. h3 e5 7. Nf3 Be6 8. Ng5
Be7 9. Nxe6 fxe6 10. Bc4 Qd7 11. Be3 O-O 12. Qd2 Kh8 13. O-O-O Rfd8 14. g4 Na5
15. Bb5 Nc6 16. g5 Ng8 17. f4 exf4 18. Bxf4 e5 19. Bxe5 a6 20. Bxc6 Qxc6 21.
Bf4 b5 22. Qd5 Rac8 23. Qxc6 Rxc6 24. Nd5 Rdc8 25. c3 a5 26. Nxe7 Nxe7 27. Rxd6
b4 28. Rxc6 Nxc6 29. Kd2 Kg8 30. Rc1 bxc3+ 31. Rxc3 Rd8+ 32. Ke2 Nd4+ 33. Ke3
Ne6 34. h4 Rd1 35. Rc2 Re1+ 36. Re2 Rh1 37. Bh2 Kf7 38. Rg2 Kg6 39. Bg3 Rd1 40.
Rd2 Rg1 41. Kf3 Rf1+ 42. Bf2 h6 43. gxh6 gxh6 44. Ke3 Ra1 45. a3 Rc1 46. Rd5
Rb1 47. Rb5 a4 48. Ke2 Rc1 49. Kf3 Rc2 50. Rb6 Kf7 51. Rb4 h5 52. Bd4 Rh2 53.
Bf2 Rh3+ 54. Bg3 Rh1 55. Rxa4 Rd1 56. Bf2 Rd3+ 57. Be3 Ke7 58. Ke2 Rd7 59. Ra7
Rxa7 60. Bxa7 Kd6 61. Ke3 Kc6 62. e5 Kd5 63. Bb8 Kc4 64. Ke4 Kb3 65. Kf5 Nd4+
66. Kg5 Kxb2 67. Bd6 1-0

[Event "Korcsoportos Bajnokság u16f"]
[Site "Balatonlelle"]
[Date "2015.06.21"]
[Round "4.1"]
[White "Ugroczky, Peter"]
[Black "Gorcsi, Gabor"]
[Result "1/2-1/2"]
[WhiteElo "2108"]
[BlackElo "2081"]
[PlyCount "85"]
[EventDate "2015.06.18"]
[EventType "swiss"]
[EventRounds "7"]
[EventCountry "HUN"]
[WhiteClock "0:28:21"]
[BlackClock "0:25:16"]

1. e4 c5 2. Nf3 d6 3. Bb5+ Bd7 4. Bxd7+ Qxd7 5. c4 Nc6 6. O-O g6 7. d4 cxd4 8.
Nxd4 Bg7 9. Be3 Nf6 10. f3 O-O 11. Nc3 Rac8 12. Nde2 Rfd8 13. Rc1 b6 14. b3 Qb7
15. Qd2 Ne5 16. Bg5 a6 17. a4 Ned7 18. Kh1 Nc5 19. Rb1 Re8 20. Rfe1 Nfd7 21.
Nd5 Ne5 22. Nec3 a5 23. Nb5 Nc6 24. Bxe7 Nxe7 25. Nxd6 Qc6 26. Nxe7+ Rxe7 27.
Nxc8 Qxc8 28. Red1 Rd7 29. Qe3 Qd8 30. Rd5 Rxd5 31. exd5 Bf6 32. Re1 Kg7 33. g3
Qd6 34. Kg2 h6 35. f4 Na6 36. Rd1 Nc5 37. g4 g5 38. fxg5 hxg5 39. Re1 Qd7 40.
h3 Qd6 41. Rf1 Nd7 42. Qf3 Ne5 43. Qg3 1/2-1/2

[Event "Korcsoportos Bajnokság u16f"]
[Site "Balatonlelle"]
[Date "2015.06.21"]
[Round "4.2"]
[White "Marosi, Levente"]
[Black "Polyik, Peter"]
[Result "1-0"]
[WhiteElo "2205"]
[BlackElo "2143"]
[PlyCount "55"]
[EventDate "2015.06.18"]
[EventType "swiss"]
[EventRounds "7"]
[EventCountry "HUN"]
[WhiteClock "0:11:42"]
[BlackClock "0:08:11"]

1. e4 c5 2. c3 d5 3. exd5 Qxd5 4. d4 Nf6 5. Nf3 Bg4 6. Be2 e6 7. O-O Nc6 8. Be3
cxd4 9. cxd4 Be7 10. Nc3 Qd6 11. h3 Bh5 12. Qb3 O-O 13. Rfd1 Rfd8 14. a3 Rac8
15. Rac1 b6 16. Qa4 Bxf3 17. Bxf3 Nd5 18. Nxd5 exd5 19. Bg4 Rc7 20. g3 g5 21.
Qc2 Bf6 22. Rd3 h5 23. Bxh5 Rdc8 24. Qd2 Qe7 25. Bg4 Re8 26. Rdc3 Qd6 27. Kg2
Re4 28. Qc2 1-0

[Event "Korcsoportos Bajnokság u16f"]
[Site "Balatonlelle"]
[Date "2015.06.21"]
[Round "4.3"]
[White "Simon, Lili"]
[Black "Papp, Tamas"]
[Result "1/2-1/2"]
[WhiteElo "2012"]
[BlackElo "2247"]
[PlyCount "193"]
[EventDate "2015.06.18"]
[EventType "swiss"]
[EventRounds "7"]
[EventCountry "HUN"]
[WhiteClock "0:08:58"]
[BlackClock "0:20:59"]

1. Nf3 Nf6 2. c4 e6 3. g3 b6 4. Bg2 Bb7 5. b3 Be7 6. Bb2 O-O 7. O-O c5 8. e3 d5
9. cxd5 Nxd5 10. d4 Nd7 11. Nc3 Rc8 12. Nxd5 Bxd5 13. Nd2 Bxg2 14. Kxg2 Nf6 15.
Nc4 Qd5+ 16. Qf3 b5 17. Nd2 cxd4 18. Qxd5 Nxd5 19. Bxd4 Rc2 20. Nf3 a6 21. Rfc1
Rfc8 22. Rxc2 Rxc2 23. Ne1 Rc8 24. Nd3 Ba3 25. Ne1 f6 26. Rd1 Kf7 27. f4 Nb4
28. Kf2 Nc2 29. Nf3 Nxd4 30. Rxd4 Ke7 31. Ke2 a5 32. h3 Bb4 33. Ne1 Rc1 34. Rd1
Rc3 35. Rd3 Rc5 36. g4 h5 37. Rd4 hxg4 38. hxg4 Rc1 39. Rd1 Rc8 40. Kf3 Rh8 41.
Nc2 Bc5 42. Nd4 Bxd4 43. Rxd4 Rh3+ 44. Ke4 Rg3 45. a4 b4 46. Rc4 Rxg4 47. Rc5
Rg1 48. Rxa5 Rb1 49. Rb5 Rxb3 50. a5 Kd6 51. a6 Ra3 52. Rxb4 Rxa6 53. Rb7 g5
54. fxg5 fxg5 55. Rg7 Ra5 56. Kf3 Re5 57. e4 Ra5 58. Kg4 Ra1 59. Kf3 Ra3+ 60.
Kf2 Ra5 61. Kf3 Rc5 62. Kg4 Rc4 63. Kf3 Rc3+ 64. Kf2 Ke5 65. Rxg5+ Kxe4 66.
Rg4+ Kf5 67. Rb4 e5 68. Ke2 Ke6 69. Rh4 Kd5 70. Rg4 Rh3 71. Kd2 Rh2+ 72. Ke3
Ra2 73. Rh4 Ra3+ 74. Ke2 Ra8 75. Ke3 Rg8 76. Kd3 Rg1 77. Ke3 Ra1 78. Rg4 Re1+
79. Kd2 Rb1 80. Ke3 Rb3+ 81. Ke2 Rb7 82. Ke3 Rd7 83. Rh4 Ke6 84. Rb4 Rg7 85.
Ra4 Kd5 86. Rh4 Rg3+ 87. Ke2 e4 88. Rh8 Rg2+ 89. Ke3 Rg3+ 90. Ke2 Kd4 91. Rd8+
Ke5 92. Re8+ Kf4 93. Rf8+ Kg4 94. Rg8+ Kh3 95. Rxg3+ Kxg3 96. Ke3 Kg4 97. Kxe4
1/2-1/2

[Event "Korcsoportos Bajnokság u16f"]
[Site "Balatonlelle"]
[Date "2015.06.21"]
[Round "4.4"]
[White "Marta, Dominik"]
[Black "Buzas, Bertalan"]
[Result "1/2-1/2"]
[WhiteElo "2145"]
[BlackElo "2038"]
[PlyCount "61"]
[EventDate "2015.06.18"]
[EventType "swiss"]
[EventRounds "7"]
[EventCountry "HUN"]
[WhiteClock "0:28:51"]
[BlackClock "0:03:35"]

1. e4 c6 2. c4 d5 3. exd5 cxd5 4. cxd5 Nf6 5. Nc3 g6 6. Nf3 Bg7 7. d4 O-O 8.
Bc4 Nbd7 9. Bg5 Nb6 10. Bxf6 exf6 11. Be2 Nxd5 12. O-O Be6 13. Qd2 Rc8 14. Rac1
f5 15. Rfd1 Bf6 16. b3 Nxc3 17. Rxc3 Qd6 18. Rdc1 Rxc3 19. Rxc3 Rd8 20. Rd3 Bd5
21. Qa5 Be4 22. Rd1 Bxf3 23. Bxf3 Bxd4 24. g3 b6 25. Qxa7 Qc5 26. Kg2 Rd6 27.
h4 Kg7 28. Qe7 f4 29. g4 Re6 30. Qxc5 Bxc5 31. Rd7 1/2-1/2

[Event "Korcsoportos Bajnokság u16f"]
[Site "Balatonlelle"]
[Date "2015.06.21"]
[Round "4.5"]
[White "Marton, Denes"]
[Black "Fodor, Balazs"]
[Result "0-1"]
[WhiteElo "1752"]
[BlackElo "1918"]
[PlyCount "74"]
[EventDate "2015.06.18"]
[EventType "swiss"]
[EventRounds "7"]
[EventCountry "HUN"]
[WhiteClock "0:11:30"]
[BlackClock "0:05:53"]

1. d4 d5 2. c4 c6 3. Nf3 Nf6 4. e3 e6 5. Nc3 Bd6 6. Bd3 Nbd7 7. O-O a6 8. cxd5
exd5 9. e4 dxe4 10. Nxe4 Be7 11. Re1 O-O 12. Qc2 Nd5 13. a3 h6 14. Ne5 N7f6 15.
Bd2 Nxe4 16. Bxe4 Be6 17. Rad1 Bg5 18. g3 Bxd2 19. Qxd2 Ne7 20. Bg2 Qc7 21. Qc3
Rad8 22. Qc5 Bd5 23. Nc4 Nc8 24. Ne5 Bxg2 25. Kxg2 Rd5 26. Qc3 Rfd8 27. Rd3 Nd6
28. a4 Nf5 29. Red1 Qd6 30. Nc4 Qf6 31. Ne3 Nxe3+ 32. fxe3 Qe6 33. Qe1 Rh5 34.
Qf2 c5 35. dxc5 Rxd3 36. Rxd3 Qe4+ 37. Qf3 Rxh2+ 0-1

[Event "Korcsoportos Bajnokság u16f"]
[Site "Balatonlelle"]
[Date "2015.06.21"]
[Round "4.6"]
[White "Haselbach, David"]
[Black "Peczely, Sebastian Zsombor"]
[Result "0-1"]
[WhiteElo "1955"]
[BlackElo "2260"]
[PlyCount "70"]
[EventDate "2015.06.18"]
[EventType "swiss"]
[EventRounds "7"]
[EventCountry "HUN"]

1. e4 c5 2. Nc3 Nc6 3. f4 e6 4. Nf3 a6 5. a4 d5 6. d3 Be7 7. g3 d4 8. Ne2 Nf6
9. Bg2 b6 10. O-O Bb7 11. Nh4 O-O 12. f5 e5 13. h3 c4 14. Nf3 Bc5 15. Kh2 Qc7
16. g4 Nb4 17. Ng3 cxd3 18. cxd3 a5 19. g5 Nd7 20. g6 fxg6 21. Ng5 gxf5 22. Ne6
Qc6 23. Nxf8 Bxf8 24. Nxf5 Nc5 25. Rf3 Rc8 26. Rg3 Qe6 27. Bh6 g6 28. Qd2 Nb3
29. Qg5 Nxa1 30. Bxf8 Rxf8 31. Ne7+ Kf7 32. Rf3+ Ke8 33. Rxf8+ Kxf8 34. Nxg6+
hxg6 35. Qd8+ Kf7 0-1

[Event "Korcsoportos Bajnokság u16f"]
[Site "Balatonlelle"]
[Date "2015.06.21"]
[Round "4.7"]
[White "Koltai, Daniel"]
[Black "Czupor, Attila"]
[Result "1/2-1/2"]
[WhiteElo "1680"]
[BlackElo "2173"]
[PlyCount "83"]
[EventDate "2015.06.18"]
[EventType "swiss"]
[EventRounds "7"]
[EventCountry "HUN"]
[WhiteClock "0:40:09"]
[BlackClock "0:35:04"]

1. e4 e5 2. Nf3 Nc6 3. Bb5 a6 4. Ba4 Nge7 5. Nc3 g6 6. d4 exd4 7. Nd5 Bg7 8.
Bg5 b5 9. Bb3 O-O 10. Bf6 d6 11. Nxd4 Bxf6 12. Nxf6+ Kg7 13. Nxc6 Nxc6 14. Bd5
Qxf6 15. Bxc6 Rb8 16. c3 Rb6 17. Bd5 c6 18. Bb3 Re8 19. f3 Rb7 20. O-O Rd8 21.
Qd4 Be6 22. Rad1 Qxd4+ 23. Rxd4 Rbd7 24. Rfd1 Kf6 25. Kf2 a5 26. R1d2 c5 27.
Bxe6 fxe6 28. R4d3 d5 29. Ke3 b4 30. Rd1 Re8 31. Kf2 Red8 32. Ke3 Rd6 33. R3d2
R6d7 34. Rd3 Ke5 35. f4+ Kf6 36. R3d2 Ke7 37. Rd3 Rd6 38. R3d2 R8d7 39. Rd3 Rd8
40. R3d2 R8d7 41. Rd3 Rd8 42. R3d2 1/2-1/2

[Event "Korcsoportos Bajnokság u16f"]
[Site "Balatonlelle"]
[Date "2015.06.21"]
[Round "4.8"]
[White "Szilassi, Abel"]
[Black "Mengyan, Marton"]
[Result "1-0"]
[WhiteElo "2064"]
[BlackElo "1788"]
[PlyCount "89"]
[EventDate "2015.06.18"]
[EventType "swiss"]
[EventRounds "7"]
[EventCountry "HUN"]
[WhiteClock "1:19:24"]
[BlackClock "0:44:38"]

1. e4 c5 2. Nf3 e6 3. d4 cxd4 4. Nxd4 a6 5. Nc3 Qc7 6. Bd3 Nf6 7. O-O g6 8. f4
d6 9. f5 gxf5 10. exf5 e5 11. Nf3 b6 12. Bg5 Nbd7 13. Ne4 Be7 14. Bxf6 Nxf6 15.
Nxf6+ Bxf6 16. Be4 Rb8 17. Qd3 b5 18. Rad1 Rb6 19. Rf2 Bb7 20. Nd2 Ke7 21. Bxb7
Qxb7 22. Ne4 Qc7 23. Nc3 Qd8 24. Nd5+ Kd7 25. Nxb6+ Qxb6 26. Qd5 Ke7 27. Kf1
Rc8 28. Rfd2 Rd8 29. Rd3 Qc7 30. c3 Ke8 31. Rh3 Qc4+ 32. Qxc4 bxc4 33. Rxh7 d5
34. g4 d4 35. g5 dxc3 36. Rxd8+ Bxd8 37. bxc3 Bxg5 38. Rh8+ Kd7 39. Ra8 Bd2 40.
Rxa6 Bxc3 41. Ra7+ Ke8 42. Rc7 Bd4 43. Rxc4 Ke7 44. Rc6 Bb2 45. a4 1-0

[Event "Korcsoportos Bajnokság u16f"]
[Site "Balatonlelle"]
[Date "2015.06.21"]
[Round "4.9"]
[White "Szuhanszki, Gergely"]
[Black "Bege, Levente"]
[Result "0-1"]
[WhiteElo "1653"]
[BlackElo "2004"]
[PlyCount "72"]
[EventDate "2015.06.18"]
[EventType "swiss"]
[EventRounds "7"]
[EventCountry "HUN"]
[WhiteClock "0:52:35"]
[BlackClock "0:51:55"]

1. Nf3 d5 2. g3 Bg4 3. Bg2 Nd7 4. d4 Ngf6 5. Nbd2 e6 6. c3 c5 7. O-O Bd6 8. Re1
O-O 9. h3 Bh5 10. g4 Bg6 11. Nh4 Qb6 12. Nxg6 hxg6 13. Nb3 Rac8 14. Be3 c4 15.
Nc5 Nxc5 16. dxc5 Bxc5 17. Bxc5 Qxc5 18. e4 dxe4 19. Bxe4 Rfd8 20. Qf3 Nxe4 21.
Qxe4 Rd2 22. Re2 Rd3 23. Re3 Rxe3 24. fxe3 Rd8 25. Re1 Rd2 26. Qxb7 Qe5 27. Qf3
Qh2+ 28. Kf1 Rxb2 29. Re2 Rb1+ 30. Re1 Qxa2 31. Qa8+ Kh7 32. Rxb1 Qxb1+ 33. Ke2
Qd3+ 34. Kf3 Qf1+ 35. Kg3 Qe1+ 36. Kf3 Qh1+ 0-1

[Event "Korcsoportos Bajnokság u16f"]
[Site "Balatonlelle"]
[Date "2015.06.21"]
[Round "4.10"]
[White "Horvath, Kristof"]
[Black "Toth, Viktor"]
[Result "1-0"]
[WhiteElo "1875"]
[BlackElo "1457"]
[PlyCount "67"]
[EventDate "2015.06.18"]
[EventType "swiss"]
[EventRounds "7"]
[EventCountry "HUN"]
[WhiteClock "0:09:13"]
[BlackClock "0:19:02"]

1. e4 e5 2. Nf3 Nc6 3. d4 exd4 4. Nxd4 Bc5 5. Nb3 Bb6 6. Nc3 Nf6 7. Qe2 O-O 8.
Be3 Bxe3 9. Qxe3 Re8 10. O-O-O d6 11. f3 a6 12. h4 b5 13. g4 b4 14. Nd5 Nxd5
15. Rxd5 Be6 16. Rd2 Ne5 17. h5 Qf6 18. Nd4 Bc4 19. g5 Qd8 20. Rg2 Bxf1 21.
Rxf1 c5 22. Nf5 Qd7 23. Rd1 Re6 24. Ng3 a5 25. f4 Nc4 26. Qd3 Qb5 27. f5 Ree8
28. g6 h6 29. gxf7+ Kxf7 30. Rdg1 Rg8 31. Ne2 Qa6 32. Qd5+ Kf8 33. Rg6 Rd8 34.
Rf6+ 1-0

[Event "Korcsoportos Bajnokság u16f"]
[Site "Balatonlelle"]
[Date "2015.06.21"]
[Round "4.11"]
[White "Posztos, Marcell"]
[Black "Szukics, Adam"]
[Result "0-1"]
[WhiteElo "1516"]
[BlackElo "1985"]
[PlyCount "72"]
[EventDate "2015.06.18"]
[EventType "swiss"]
[EventRounds "7"]
[EventCountry "HUN"]
[WhiteClock "0:07:42"]
[BlackClock "0:03:38"]

1. d4 d5 2. c4 c6 3. cxd5 cxd5 4. Nc3 Nf6 5. Bf4 Nc6 6. e3 a6 7. Nf3 Bg4 8. h3
Bxf3 9. Qxf3 e6 10. Bd3 Be7 11. O-O O-O 12. Rac1 Rc8 13. a3 Na5 14. Rfd1 Nb3
15. Rc2 Qb6 16. Qe2 Qa7 17. Nb1 b5 18. Nd2 Rxc2 19. Bxc2 Na5 20. Rc1 Nc4 21.
Nxc4 dxc4 22. Be5 Nd7 23. Bf4 Rc8 24. Qh5 g6 25. Qg4 Nf6 26. Qf3 a5 27. g4 Nd5
28. Bh6 Qd7 29. Kg2 c3 30. bxc3 Rxc3 31. Qe4 Qc6 32. f3 Bxa3 33. Qe5 f6 34.
Qb8+ Qc8 35. Qa7 Rc7 36. Qxa5 Bxc1 0-1

[Event "Korcsoportos Bajnokság u16f"]
[Site "Balatonlelle"]
[Date "2015.06.21"]
[Round "4.12"]
[White "Radacsi, Marton"]
[Black "Molnar, Tamas"]
[Result "1-0"]
[WhiteElo "1585"]
[BlackElo "1433"]
[PlyCount "65"]
[EventDate "2015.06.18"]
[EventType "swiss"]
[EventRounds "7"]
[EventCountry "HUN"]
[WhiteClock "0:45:11"]
[BlackClock "0:20:04"]

1. e4 c5 2. Nc3 Nc6 3. Nf3 g6 4. d4 cxd4 5. Nxd4 Bg7 6. Be3 e6 7. Bc4 Nge7 8.
O-O O-O 9. Qd2 d5 10. exd5 Nxd5 11. Nxd5 exd5 12. Bb3 Be6 13. a3 Qh4 14. c3
Nxd4 15. Bxd4 Bxd4 16. cxd4 f5 17. Rfe1 Rae8 18. Rxe6 Rxe6 19. Bxd5 Rfe8 20.
Re1 Kf7 21. Qe3 Qe7 22. Qh6 Qf6 23. Qxh7+ Kf8 24. Qh6+ Kf7 25. Qe3 f4 26. Qe4
g5 27. Kf1 g4 28. Bxe6+ Rxe6 29. Qxe6+ Qxe6 30. Rxe6 Kxe6 31. Ke2 Kf5 32. Kd3
b5 33. f3 1-0